| 000 | 00490nam a2200169Ia 4500 | ||
|---|---|---|---|
| 008 | 191130s2000##################000#0#eng## | ||
| 020 | _a9780130256607 | ||
| 040 |
_aACL _cACL |
||
| 082 | _a650.01513 TUT | ||
| 100 | _aTuttle, Michael D | ||
| 245 |
_aPractical business math: an applications approach _cMichael D. Tuttle |
||
| 250 | _a8th ed | ||
| 260 |
_aUpper Saddle River, NJ _bPrentice Hall _c2000 |
||
| 990 | _aca8f1018ac10000c41b08ab23ecb6da9 | ||
| 991 | _a361354 | ||
| 999 |
_c41255 _d41255 |
||